LEADER 01327nam a2200313 a 4500 001 000000129187 003 CaOOAMICUS 005 20120606105735.0 008 120606s2007 it u000 u ita r 020 $a978-88-8155-388-4 040 $aPUL$bita 082 04$a297.09 100 1 $aMeschini, Marco,$d1972-$0(OLS)http://pul/name/41370 245 13$aIl jihad & la crociata :$bguerre sante asimmetriche /$cMarco Meschini. 260 $aMilano :$bAres,$c©2007. 300 $a157 p. ;$c18 cm. 490 1 $aSagitta.$aProblemi e documenti.$aNuova serie ;$v0070 504 $aInclude riferimenti bibliografici. 650 4$aIslamismo$xStoria.$0(OLS)http://pul/subject/24633 650 4$aCrociate$xStoria.$0(OLS)http://pul/subject/933 830 0$aSagitta.$pProblemi e documenti.$pNuova serie ;$v0070.$0(OLS)http://pul/title/138858 850 $aPUL 852 $aPUL$W1$xSL Religione 3$y85$m297. 09 MESMA 1$j149593$qDDC 21$B148119$CPULBib$Z2$F148119 $H120019 $82 941 1 $a9 996 $6020$a978-88-8155-388-4$9(OLS)http://pul/number/149913 996 $6082$a297.09$9(OLS)http://pul/classification/2293 996 $6245$aIl jihad & la crociata :$bguerre sante asimmetriche$9(OLS)http://pul/title/163246 996 $6260$aMilano :$bAres$9(OLS)http://pul/publisher/53739 LEADER 02045nam a2200421 u 4500 001 000000062475 003 CaOOAMICUS 005 20070226121134.0 008 011001s1995 it u000 u ita u 020 $a8839605657 035 $a10904798 040 $aPUL(R)$bita$dPUL 041 1 $aita$hfre 100 1 $aLaurentin, André.$0(OLS)http://pul/name/42562 240 10$aCatéchuménat. Données de l'histoire et perspectives nouvelles.$lItaliano.$0(OLS)http://pul/title/83357 245 13$aIl catecumenato :$bfonti neotestamentarie e patristiche : la riforma del Vaticano II /$cAndré Laurentin, Michel Dujarier ; edizione italiana a cura di Gerardo Di Nola. 260 $aRoma :$bDehoniane,$cc1995. 300 $a516 p. ;$c21 cm 490 1 $aContributi teologici 500 $aContiene indice. 504 $aBibliografia: p.423-441. 611 24$aConcilium Vaticanum$n(2 :$d1962-1965).$0(OLS)http://pul/subject/71 650 4$aCatecumeni.$0(OLS)http://pul/subject/16540 700 1 $aDi Nola, Gerardo.$0(OLS)http://pul/name/5673 700 1 $aDujarier, Michel.$0(OLS)http://pul/name/26185 830 0$aContributi teologici.$0(OLS)http://pul/title/18578 850 $aPUL 852 $aPUL$W1$xSL Religione 1$y3$m67 F 16$j81227$nBK-PRI$b $qStampati$B81227$CPULBib$Z2$F81227 $H $81 852 $aPUL$W1$xSL Religione 2$y84$mRH E3 34$j81228$nBK-PRI$b $qStampati altre collocazioni$B81228$CPULBib$Z2$F81228 $H $81 852 $aPUL$W1$xDP1 Fondo S. Lanza$y121$m3 P 65$j168525$qFondi$B169125$CPULBib$Z2$F169125 $HLan 353 $81 941 1 $a8 941 1 $a10 960 $aConcilio Vaticano II (1962-1965)$971 961 $aINV: 73486 961 $aINV: 87315 996 $6020$a8839605657$9(OLS)http://pul/number/81036 996 $6245$aIl catecumenato :$bfonti neotestamentarie e patristiche : la riforma del Vaticano II$9(OLS)http://pul/title/83358 996 $6260$aRoma :$bDehoniane$9(OLS)http://pul/publisher/49074